| 000 | nam a22 a 4500 | ||
|---|---|---|---|
| 999 |
_c175821 _d175821 |
||
| 003 | BLK | ||
| 005 | 20220826085902.0 | ||
| 008 | 180411b bul|||||r ||||||| ||bul|| | ||
| 010 | _aKNG00184420000 | ||
| 020 | _a978-954-28-0760-5 | ||
| 040 | _aBLK | ||
| 041 |
_aBUL _cBUL |
||
| 080 |
_aТурска литература _b821.512.161 _x-312.4 _z821.512.161-312.4 |
||
| 100 | 1 |
_aЙел, Хакан _eпърви автор _973305 |
|
| 139 |
_aЙел, Хакан _bИ 32 |
||
| 245 | 1 | 0 |
_aРесторант _bРоман _cХакан Йел ; прев. от тур. Алина Караханова. |
| 257 | _aTUR | ||
| 260 |
_aСофия _bСиела Норма _c2009 _fВ. Търново : Абагар |
||
| 300 |
_a280 с. _c21 см |
||
| 380 | _aX | ||
| 500 | _aОриг. загл. Altin kitaplar yayinevi ve ticaret a.s. / Hakan Yel. - Съдържа и за авт. | ||
| 700 | 1 |
_aКараханова, Алина _eпрев. от тур. _9277861 |
|
| 852 |
_aЦб 312062 _bЦб |
||
| 942 |
_cKNG _n0 _07 _s1 |
||
| 944 |
_aCR _c03.11.2015 _lф / _kВиолета_Тройчева |
||
| 944 |
_aED _c2022-04-04 _kГГГ |
||